History Quiz

Random History or Nation Quiz
Score 0/20 Timer 06:00
0 Plays Today
% Correct
Nelson Mandela
87%
Idi Amin
79.1%
Robert Mugabe
70.1%
Gamal Abdel Nasser
69.7%
Hosni Mubarak
67.2%
Ian Smith
66.6%
Haile Selassie I
64.3%
Muammar Gaddafi
64.2%
Omar al-Bashir
61.6%
William Tubman
60.1%
% Correct
Mobutu Sese Seko
53.6%
Zine Ben Ali
51.7%
P. W. Botha
45.1%
Paul Biya
43.9%
Kwame Nkrumah
43%
Jomo Kenyatta
39.1%
Charles Taylor
35.6%
Ibrahim Babangida
33.5%
Julius Nyerere
31.8%
José Eduardo dos Santos
24%

You're not logged in!

Compare scores with friends on all Sporcle quizzes.
OR
Log In

Sporcle TV

Today on Sporcle TV


Watch our educational content, quiz creation guides, and fun videos on Sporcle TV.

Show Comments

Extras

Top Quizzes Today


Score Distribution

Paid Content

Your Account Isn't Verified!

In order to create a playlist on Sporcle, you need to verify the email address you used during registration. Go to your Sporcle Settings to finish the process.

Report this User

Report this user for behavior that violates our Community Guidelines.

Details: